| 000 | 00713nam a2200193Ia 4500 | ||
|---|---|---|---|
| 003 | GCL | ||
| 008 | 140319s9999 xx 000 0 ara d | ||
| 040 |
_aGCL / _cGCL |
||
| 082 | 0 | 4 |
_a650.75 _bر م |
| 100 | 1 | _aراتب الزيات \\=aجورج ادوارv | |
| 245 | 1 | 0 |
_aالمراسلات الرسمية فى العلاقات العامة والمناسبات / _cراتب الزيات |
| 260 |
_aبيروت : _bدار الراتب الجامعية |
||
| 300 |
_a220ص ؛ _c24 سم |
||
| 490 |
_aالكنز المكنون فى اصول كتابة الرسائل _v0 |
||
| 650 | 0 | 4 | _aادارة الاعمال |
| 650 | 0 | 4 | _aالمراسلات |
| 650 | 0 | 4 | _aالعلاقات العامة |
| 942 |
_2ddc _cBK |
||
| 999 |
_c51869 _d51869 |
||